[Event "Moscow GM1"]
[Site "Moscow"]
[Date "1996.??.??"]
[Round "?"]
[White "Samoliuk, Igor"]
[Black "Iskusnyh, Sergei"]
[Result "1-0"]
[WhiteElo "2285"]
[BlackElo "2460"]
[PlyCount "77"]
[EventDate "1996.??.??"]
[EventType "tourn"]
[EventRounds "11"]
[EventCountry "RUS"]
[EventCategory "8"]
[SourceTitle "EXT 2000"]
[Source "ChessBase"]
[SourceDate "1999.11.16"]
[SourceVersion "1"]
[SourceVersionDate "1999.11.16"]
[SourceQuality "1"]

1. e4 c5 2. Nf3 Nc6 3. Nc3 e5 4. Bc4 d6 5. d3 Be7 6. 0-0 Nf6 7. Bg5 Bg4 8. h3 Bh5 9. Bxf6 Bxf6 10. Nd5 Be7 11. c3 Qd7 12. a3 0-0 13. Nxe5 dxe5 14. Qxh5 Bd6 15. Rae1 Rae8 16. Re3 Kh8 17. g4 Nd8 18. f4 b5 19. Ba2 c4 20. d4 exd4 21. cxd4 Ne6 22. Bb1 Be7 23. f5 Nxd4 24. f6 Bc5 25. fxg7+ Kxg7 26. Nf6 Nf3+ 27. Kh1 Kxf6 28. Rexf3+ Kg7 29. Qxc5 Re6 30. Qf5 Qd2 31. e5 Rh6 32. e6 f6 33. e7 Rg8 34. Be4 Qe2 35. g5 Rg6 36. Qxg6+ hxg6 37. gxf6+ Kh8 38. f7 Qxe4 39. f8Q 1-0